Statistics for Territories by GDP Per Capita

Click here to take the quiz!

General Stats

  • This quiz has been taken 19 times
    (11 since last reset)
  • The average score is 16 of 24

Answer Stats

CountryGDP per CapitaTerritory% Correct
United Kingdom$49,000British Virgin Islands
89%
Denmark$55,000Greenland
89%
United Kingdom$89,000Isle of Man
89%
United States$38,000Puerto Rico
89%
United States$37,000US Virgin Islands
89%
United States$12,000American Samoa
78%
United Kingdom$124,000Bermuda
78%
United States$38,000Guam
78%
China$47,000Hong Kong
78%
China$37,000Macau
78%
United Kingdom$17,000Anguilla
67%
United Kingdom$95,000Cayman Islands
67%
New Zealand$16,000Cook Islands
67%
United Kingdom$70,000Falkland Islands
67%
France$21,000French Polynesia
67%
United States$21,000North Mariana Islands
67%
Netherlands$23,000Aruba
56%
United Kingdom$74,000Channel Islands
56%
United Kingdom$92,000Gibraltar
56%
France$34,000New Caledonia
56%
United Kingdom$24,000Turks and Caicos Islands
56%
Netherlands$16,000Curaçao
44%
United Kingdom$14,000Montserrat
44%
Netherlands$20,000Sint Maarten
44%

Score Distribution

Percentile by Number Answered

Percent of People with Each Score

Your Score History

You have not taken this quiz since the last reset